00817nam a2200193 a 450000100100000000500170001000800410002702000180006804000250008604100150011110000290012624501240015524600850027926000910036430000190045570000270047495201050050199900170060600004382420201002045004.0140506s2009 sp 001 0 spa d a9788446030935 aDO-SdBNPbspacBNPHU17aspabbulg.1 aGrigorova, Svetla97167610aDiccionario español-búlgaro =bречник българскo-испански /cSvetla Grigorova, Iván Kanchev.13aречник българскo-испански Svetla Grigorova, Iván Kanchev aMadrid :bAgencia Española de Cooperación Internacional para el Desarrollo,c2009. a1031 ;c24 cm.12aKanchev, Iván971677 001050718MOaGRbGRcCTd2014-05-06iLF1l0o p43824-10r2020-06-25w2020-06-25y1ZNo se presta c43313d43313